00338nam a2200133Ia 4500008004100000041000800041082001200049100001700061245003100078250001400109260003900123300003100162365001100193240624s9999 xx 000 0 und d aeng a657 MAR aMARRIOTT PRU aINTRODUCTION TO ACCOUNTING a(3rd ed.) c2007aNew DelhibSage Publications axiv, : 537 : p. : cm. ; 23 cRSb34